Luiz cruls, um cientista a serviço do brasil (Record no. 189624)

MARC details
000 -LÍDER
campo de controle de tamanho fixo 00452 a2200169 4500
001 - NÚMERO DE CONTROLE
campo de controle 189624
020 ## - ISBN - INTERNATIONAL STANDARD BOOK NUMBER
ISBN - International Standard Book Number
040 ## - FONTE DA CATALOGAÇÃO
Instituição que transcreveu o registro Magnum
100 ## - ENTRADA PRINCIPAL--NOME PESSOAL
Nome pessoal Museu de Astronomia e Ciências Afins
240 10 - TÍTULO UNIFORME
Título uniforme Luiz cruls, um cientista a serviço do brasil
Idioma da obra por
245 10 - TÍTULO
Título Luiz cruls, um cientista a serviço do brasil
300 ## - DESCRIÇÃO FÍSICA
Extensão 54
362 0# - DATAS DE PUBLICAÇÃO E/OU DESIGNAÇÃO SEQUENCIAL
Datas de publicação e/ou designação sequencial 2010
440 #1 - DECLARAÇÃO DE SÉRIE/ENTRADA ADICIONADA--TÍTULO
Título Museu de Astronomia e e Ciências Afins
697 ## - ENTRADA DE ASSUNTO LOCAL--ENTIDADE COLETIVA (RLIN)
Nome corporativo ou nome da jurisdição ESTUDOS BIOGRÁFICOS
942 ## - ELEMENTOS DE ENTRADA ADICIONADOS (KOHA)
Tipo de material Koha Livros
Holdings
Situação do descarte Situação das perdas Situação física Não pode ser emprestado Biblioteca de origem Biblioteca atual Data de aquisição Total de empréstimos Número de chamada completo Código de barras Data de último acesso Data do preço efetivo Tipo de material Koha
        Magnum Magnum 08/06/2024   929.5 MAG00064874 08/06/2024 08/06/2024 Livros